000 nam a22 7a 4500
999 _c30353
_d30353
008 190517b xxu||||| |||| 00| 0 eng d
020 _a9789966078681
040 _amksu
050 _aPS 3601
_b.L3969 2012
100 _aAlkemade, Jo
245 _aBelonging in Africa /
_cJo Alkemade.
260 _aNairobi :
_bLesleign Limited,
_c2012.
300 _a256p. ;
_c21cm.
650 _aYoung women.
650 _aInterethnic dating.
942 _2lcc
_cAFRICANA
_hPS 3601 .L3969 2012